Algebra and Trigonometry

Bibliographic Details
Main Authors: Larson, Ron, Hostetler, Robert
Format: Section = Libro
Language:Undetermined
Spanish
Published: Boston Houghton Mifflin Company 2007
Edition:7a.ed.
Subjects:
LEADER 00629nam a2200241Ia 4500
008 240829s9999 xx 000 0 und d
020 |a 978-0-618-64322 
040 |a BIBLIOTECA-RUSB/ 512.13 L334 
041 |a spa 
082 |a 512.13 L334 
100 1 |a Larson, Ron 
100 1 |b  Hostetler, Robert 
245 1 0 |a Algebra and Trigonometry 
250 |a 7a.ed. 
260 |a Boston  |b Houghton Mifflin Company  |c 2007 
300 |a 1149 p. :il. 
650 7 |a ALGEBRA Y TRIGONOMETRIA 
650 7 |b  POLINOMIOS 
650 7 |c  FUNCIONES EXPONENCIALES 
650 7 |d  MATRICES MATEMATICAS 
942 |c BK  |2 ddc 
991 |a TEXTO 
999 |c 1431